| 000 | 00632nam a2200157 a 4500 | ||
|---|---|---|---|
| 001 | 000046303 | ||
| 005 | 20201002052756.0 | ||
| 008 | 150717s1967 dr ac 000 0 spa d | ||
| 040 |
_aDO-SdBNP _bspa _cBNPHU |
||
| 082 |
_axxxx _bxxxx |
||
| 100 | 1 |
_aDomínguez, Franklin _926932 |
|
| 245 | 1 | 3 |
_aEl último instante / _cFranklin Domínguez,. |
| 260 |
_a[Santo Domingo : _bs.n., _c1967]. |
||
| 300 |
_a51 p. : _bil., retrs. ; _c22 cm. |
||
| 500 | _aMonólogo de Franklin Domínguez ; actuación de Monina Sola ; dirección: Instituto Politécnico de Santiago, jueves 18 de mayo del 1967, José Avila Castillo ; la interprete: Marie Lourties. | ||
| 999 |
_c45792 _d45792 |
||